000 00300nam a2200121Ia 4500
008 190802s9999 xx 000 0 und d
020 _a13:978-93-85965-55-5
100 _aPrasanna Chandra
245 0 _aBehavioural Finance
260 _aNew Delhi
_bMcGraw Hill
_c2017
300 _a550:P
942 _cBK
999 _c2084
_d2084